| 000 | 00978cam a22002655a 4500 | ||
|---|---|---|---|
| 001 | 17397154 | ||
| 005 | 20160907104152.0 | ||
| 008 | 120723t2013 maua frb 001 0 eng d | ||
| 020 | _a9780123919144 | ||
| 040 |
_aDLC _cDLC _dEG-ScBUE _beng |
||
| 082 | 0 | 4 |
_a622.338 _222 _bCAL |
| 100 | 1 |
_aCalixto, Eduardo. _937906 |
|
| 245 | 1 | 0 |
_aGas and oil reliability engineering : _bmodeling and analysis / _cEduardo Calixto. |
| 260 |
_aWaltham ; _aOxford : _bGulf Professional Publishing / Elsevier, _cc.2013. |
||
| 300 |
_axv, 528 p. : _bill. ; _c24 cm. |
||
| 500 | _aIndex : p. 519-528. | ||
| 504 | _aIncludes bibliographical references. | ||
| 650 | 7 |
_aOil wells _xEquipment and supplies _xReliability. _2BUEsh _937907 |
|
| 650 | 7 |
_aGas wells _xEquipment and supplies _xReliability. _2BUEsh _937908 |
|
| 650 | 7 |
_aPetroleum engineering _xEquipment and supplies _xReliability. _2BUEsh _937909 |
|
| 651 | _2BUEsh | ||
| 653 |
_bENGGEN _cMay2015 |
||
| 653 |
_bENGPET _cSeptember2016 |
||
| 942 | _2ddc | ||
| 999 |
_c19334 _d19306 |
||